Positive polynomials, convex integral polytopes, and a random walk problem
Αποθηκεύτηκε σε:
| Κύριος συγγραφέας: | |
|---|---|
| Μορφή: | Βιβλίο |
| Γλώσσα: | English |
| Δημοσίευση: |
Berlin :
Springer-Verlag,
c1987
|
| Σειρά: | Lecture notes in mathematics (Springer-Verlag)
; 1282 |
| Θέματα: | |
| Ετικέτες: |
Προσθήκη ετικέτας
Δεν υπάρχουν, Καταχωρήστε ετικέτα πρώτοι!
|
MARC
| LEADER | 00000cam a2200000 i 4500 | ||
|---|---|---|---|
| 001 | 1/27445 | ||
| 008 | 941103s1987 eng d | ||
| 020 | |a 3-540-18400-7 | ||
| 035 | |a 1993 |l 10037828 | ||
| 040 | |a GR-MY-UA |b gre |e aacr | ||
| 041 | 0 | |a eng | |
| 082 | 0 | |a 512.55 | |
| 100 | 1 | |a Handelman, David, |d 1950- | |
| 245 | 1 | 0 | |a Positive polynomials, convex integral polytopes, and a random walk problem / |c David E. Handelman |
| 260 | |a Berlin : |b Springer-Verlag, |c c1987 | ||
| 300 | |a x, 136 p.; |c 25 cm. | ||
| 490 | 1 | |a Lecture notes in mathematics (Springer-Verlag) |v ; 1282 | |
| 500 | |a Includes bibliographical references and index | ||
| 650 | 0 | 0 | |a Polynomials. |
| 650 | 0 | 0 | |a Polytopes. |
| 650 | 0 | 0 | |a Random walks (Mathematics) |
| 650 | 0 | 0 | |a C*-algebras. |
| 830 | 0 | |a Lecture notes in mathematics (Springer-Verlag) |v ; 1282 | |
| 852 | |a INST |b SAMOS |e 19941103 |h 512.55 HAN |p 005300007571 |q 005300007571 |t BK |y 0 | ||
| 909 | |a Σ |b 029144 | ||